Nalaganje...
Genomics:Essential Methods.
| Drugi avtorji: | |
|---|---|
| Format: | Printed Book |
| Jezik: | English |
| Izdano: |
U.K.
Wiley-Blackwell.
|
| LEADER | 00385nam a2200109Ia 4500 | ||
|---|---|---|---|
| 008 | 130614s9999 xx 000 0 eng d | ||
| 245 | |a Genomics:Essential Methods. | ||
| 260 | |a U.K. |b Wiley-Blackwell. | ||
| 700 | |a Strakey,Mike |e editor. |a Elaswarapu,Ramnath. |e editor. | ||
| 942 | |c BK | ||
| 999 | |c 129714 |d 129714 | ||
| 952 | |0 0 |1 0 |4 0 |7 0 |9 143117 |a ZOO |b ZOO |c ST1 |d 2011-11-22 |l 0 |p ZOO5704 |r 2013-06-14 |w 2013-06-14 |y BK | ||